000 00989cam a22002777a 4500
001 16015711
005 20201128021156.0
008 091210s2009 xxkadk frb f001 0 eng d
010 _a2009279937
_z2009279938
020 _a9780521848688 (hbk.)
020 _a0521848687 (hbk.)
040 _aUKM
_cUKM
_dBTCTA
_dYDXCP
_dBWKUK
_dBWK
_dDLC
_dEG-ScBUE
082 0 0 _a621.382
_222
_bRYA
100 1 _aRyan, William E.,
_d1958-
_937134
245 _aChannel codes :
_bclassical and modern /
_cWilliam E. Ryan and Shu Lin.
260 _aCambridge, United Kingdom ;
_aNew York, United States :
_bCambridge University Press,
_c2009.
300 _axvi, 692 p. :
_bcharts, forms, tables ;
_c26 cm.
500 _aIndex : p. 681-692.
504 _aIncludes bibliographical references.
650 0 _aCoding theory
_92636
650 0 _a Digital communications
_91260
653 _bENGELC
_cJanuary2015
655 _vreading book
_934232
700 1 _a Lin, Shu,
_d1937-
_936906
942 _2ddc
_k621.382 RYA
999 _c18864
_d18836